000 00536nam a2200229Ia 4500
003 OSt
005 20221007082232.0
006 a|||||r|||| 00| 0
007 ta
008 221006b |||||||| |||| 00| 0 eng d
024 _a29,005
037 _cTextual
040 _aFLL
_cFLL
_beng
041 _2eng
_aeng
082 _aZQ2, J8
100 _aRameshwar Aiyar
_9698926
245 0 _aHindu law
260 _c1958
300 _a451p
_ccm.
942 _hZQ2, J8
_cTEXL
_2CC
999 _c1165763
_d1165763